Normal view MARC view

Entry Personal Name

Number of records used in: 1

001 - CONTROL NUMBER

  • control field: 623674

003 - CONTROL NUMBER IDENTIFIER

  • control field: OSt

005 - DATE AND TIME OF LATEST TRANSACTION

  • control field: 20221005103435.0

008 - FIXED-LENGTH DATA ELEMENTS

  • fixed length control field: 221005|| aca||aabn | a|a d

040 ## - CATALOGING SOURCE

  • Original cataloging agency: OSt
  • Transcribing agency: OSt

100 ## - HEADING--PERSONAL NAME

  • Personal name: दाधीच ‘प्रसाद’, रामप्रसाद, अनु

670 ## - SOURCE DATA FOUND

  • Source citation: Work cat.: (OSt)1010090: विनयसागर, अमरूकशतक, 1999
Copyright @ Delhi University Library System